Effect of A B fertilizers utilization on celery cabbage in hydroponics at royal university of agriculture's crop station,(ឥទ្ធពលនៃកាប្រ់ប្រាស់ជី អា បេ លើការលូតលាស់ដំណាំស្ពៃចង្កោះដាំក្នុងសូលុយស្យុងនៅស្ថានីពិសោធន៍ដំណាំ ណៃសាកលវិទ្យាល័យភូមិន្ធកសិកម្ម). (Record no. 827)

000 -LEADER
fixed length control field 00801nam a22001457a 4500
003 - CONTROL NUMBER IDENTIFIER
control field OSt
005 - DATE AND TIME OF LATEST TRANSACTION
control field 20150919112746.0
008 - FIXED-LENGTH DATA ELEMENTS--GENERAL INFORMATION
fixed length control field 150919b xxu||||| |||| 00| 0 eng d
040 ## - CATALOGING SOURCE
Transcribing agency RUA
082 ## - DEWEY DECIMAL CLASSIFICATION NUMBER
Classification number AGR SRE 2006 BO33 Or.1
100 ## - MAIN ENTRY--PERSONAL NAME
9 (RLIN) 858
Personal name SREY, CHANTHAN
245 ## - TITLE STATEMENT
Title Effect of A B fertilizers utilization on celery cabbage in hydroponics at royal university of agriculture's crop station,(ឥទ្ធពលនៃកាប្រ់ប្រាស់ជី អា បេ លើការលូតលាស់ដំណាំស្ពៃចង្កោះដាំក្នុងសូលុយស្យុងនៅស្ថានីពិសោធន៍ដំណាំ ណៃសាកលវិទ្យាល័យភូមិន្ធកសិកម្ម).
300 ## - PHYSICAL DESCRIPTION
Extent XIII,38p.
942 ## - ADDED ENTRY ELEMENTS (KOHA)
Source of classification or shelving scheme
Koha item type AGR
Holdings
Price effective from Date last seen Permanent Location Not for loan Date acquired Source of classification or shelving scheme Koha item type Lost status Withdrawn status Total Renewals Date last checked out Total Checkouts Shelving location Damaged status Barcode Current Location Full call number
2015-09-192015-09-19Library Block B 2015-09-19 AGR     B033 RUA002974Library Block BAGR SRE 2006 BO33 Or.1
2015-09-192022-12-28Library Block B 2015-09-19 AGR  12022-12-076B033 RUA002902Library Block BAGR SRE 2006 BO33 Or.2
2016-01-252024-10-07Library Block B 2016-01-25 AGR   2024-08-215B033 RUA051640Library Block BAGR SRE 2006 BO33 Or.3
មជ្ឈមណ្ឌលឯការនៃសាកលវិទ្យាល័យភូមិន្ទកសិកម្មចំការដូង

Powered by Koha